| 000 | 00531nam a22001937a 4500 | ||
|---|---|---|---|
| 003 | DO-SdBNP | ||
| 005 | 20210901133040.0 | ||
| 008 | 210901b ||||| |||| 00| 0 eng d | ||
| 020 | _a9789945609806 | ||
| 040 |
_aDO-SdBNP _bspa _cBNPHU |
||
| 082 |
_axxx _bJ94c |
||
| 100 | 0 |
_aJulián, Luis Manuel _979691 |
|
| 245 | 1 | 0 |
_aCuando Dios toca un corazón / _cLuis Manuel Julián |
| 260 |
_aSanto Domingo > _bSantuario, _c2018 |
||
| 300 |
_a119 p. ; _c24 cm |
||
| 590 | _aInventariado, 2021 / DG | ||
| 910 | _aD/G | ||
| 942 |
_2ddc _cLBS1 |
||
| 999 |
_c50366 _d50366 |
||